000 00359 a2200157 4500
001 67293
020 _a8530807995 (broch.)
040 _cAnchieta - Pituba
100 _aAntunes, Celso
240 1 0 _aAbrindo as portas do futuro
_lpor
245 1 0 _aAbrindo as portas do futuro
300 _a111p.
362 0 _a2006
650 4 _aEducação
942 _cBK
999 _c67293
_d67293